Länder nach BIP - Statistiken

Allgemein
  • Dieses Quiz wurde 205 mal gespielt
  • Das Durchschnittsergebnis liegt bei 19 aus 20
Antworten auf der Karte
Die Antworten werden auf der Karte rot bzw. grün angezeigt, abhängig davon wie oft sie richtig erraten wurden.
 
Antwortstatistiken
# BIP in Mio. $ Land % Korrekt
4 4.085.681 Deutschland
99%
7 2.780.136 Frankreich
99%
9 2.137.939 Kanada
99%
8 2.244.249 Russland
99%
12 1.702.554 Australien
98%
11 1.920.023 Brasilien
98%
2 17.886.331 China
98%
5 3.389.689 Indien
98%
10 2.012.014 Italien
98%
1 25.462.725 USA
98%
15 1.418.916 Spanien
97%
3 4.237.528 Japan
96%
6 3.081.871 Vereinigtes Königreich
96%
14 1.465.854 Mexiko
95%
18 1.108.149 Saudi-Arabien
90%
17 1.154.600 Türkei
89%
13 1.673.917 Südkorea
87%
16 1.318.806 Indonesien
86%
20 818.471 Schweiz
79%
19 1.010.193 Niederlande
77%
Keine übereinstimmenden Quizze gefunden
Verteilung der Resultate
Anzahl Personen mit jedem Resultat
Perzentil nach korrekt beantworteten Fragen
Ihre Resultats-Entwicklung
Sie haben dieses Quiz noch nicht gespielt